| 000 | 00591nac a22001691u 4500 | ||
|---|---|---|---|
| 020 | _a8170084067 | ||
| 082 |
_a621.75 _bR1376 |
||
| 090 |
_c1037 _d1037 |
||
| 100 | _aRajput, R. K. | ||
| 245 |
_aComprehensive workshop practice / _cR. K. Rajput. |
||
| 260 |
_aNew Delhi : _bLaxmi Publications, _c[2000]. |
||
| 300 |
_a241 p. _bill. ; _c24 cm. |
||
| 500 | _aIncludes index. | ||
| 650 | _aForest products industry. | ||
| 942 |
_cBB _k621.75 R1376 |
||
| 999 |
_c1037 _d1037 |
||